Magyarok románokról, románok magyarokról. {Maghiari dewspre romani, romani despre maghiari}. [Hungarians about Romanians, Romanians about Hungarians].
Elmentve itt :
| Adatforrás: | Meister |
|---|---|
| Forrásdokumentuma: | Korunk. - 2001. 3, 74-82. |
| Nyelv: | magyar |
| Kulcsszavak: | interjú nemzetiségi kérdés interviu problema nationala interview national issue |
| LEADER | 00540nab a2200169 i 4500 | ||
|---|---|---|---|
| 001 | bibPRO00010621 | ||
| 008 | 080908s2001 xx hun | ||
| 040 | |a Sz1 | ||
| 041 | |a hun | ||
| 245 | 0 | 0 | |a Magyarok románokról, románok magyarokról. {Maghiari dewspre romani, romani despre maghiari}. [Hungarians about Romanians, Romanians about Hungarians]. |
| 695 | |a interjú | ||
| 695 | |a nemzetiségi kérdés | ||
| 695 | |a interviu | ||
| 695 | |a problema nationala | ||
| 695 | |a interview | ||
| 695 | |a national issue | ||
| 773 | 0 | |t Korunk. - |g 2001. 3, 74-82. | |